Comportamiento productivo de bovinos Hosltein y Brahman alimentados con dos dietas conteniendo rastrojo de maíz / (Record no. 165253)
[ view plain ]
| 000 -CABECERA | |
|---|---|
| campo de control de longitud fija | 00918nam a2200289Ia 4500 |
| 001 - NÚMERO DE CONTROL | |
| campo de control | Z_2197 |
| 003 - IDENTIFICADOR DEL NÚMERO DE CONTROL | |
| campo de control | CHAP |
| 008 - DATOS DE LONGITUD FIJA--INFORMACIÓN GENERAL | |
| campo de control de longitud fija | 220113s1995 xx 000 0 und d |
| 010 ## - NÚMERO DE CONTROL DE LA BIBLIOTECA DEL CONGRESO | |
| Número de control de LC | 165253 |
| 040 ## - FUENTE DE LA CATALOGACIÓN | |
| Centro/agencia transcriptor | CHAP |
| 090 ## - LOCALMENTE ASIGNADO TIPO-LC NÚMERO DE CLASIFICACIÓN (OCLC); NÚMERO DE CLASIFICACIÓN LOCAL (RLIN) | |
| Número de clasificación (OCLC) (R) ; Numero de clasificación, CALL (RLIN) (NR) | Tesis S 968 |
| 100 1# - ENTRADA PRINCIPAL--NOMBRE DE PERSONA | |
| Nombre de persona | Suárez Domínguez, Hermilo |
| 9 (RLIN) | 110687 |
| 245 ## - MENCIÓN DE TÍTULO | |
| Título | Comportamiento productivo de bovinos Hosltein y Brahman alimentados con dos dietas conteniendo rastrojo de maíz / |
| Mención de responsabilidad, etc. | por Hermilo Suárez Domínguez |
| 260 ## - PUBLICACIÓN, DISTRIBUCIÓN, ETC. | |
| Lugar de publicación, distribución, etc. | Chapingo, Méx. : |
| Nombre del editor, distribuidor, etc. | El autor, |
| Fecha de publicación, distribución, etc. | 1995 |
| 300 ## - DESCRIPCIÓN FÍSICA | |
| Extensión | 102 h. |
| 502 ## - NOTA DE TESIS | |
| Nota de tesis | Tesis (Maestro en Ciencias Especialista en Producción Animal) -- UACH. Departamento de Zootecnia |
| 650 #7 - PUNTO DE ACCESO ADICIONAL DE MATERIA--TÉRMINO DE MATERIA | |
| Término de materia o nombre geográfico como elemento de entrada | Ganado cebú |
| Fuente del encabezamiento o término | |
| 9 (RLIN) | 45056 |
| 650 ## - PUNTO DE ACCESO ADICIONAL DE MATERIA--TÉRMINO DE MATERIA | |
| Término de materia o nombre geográfico como elemento de entrada | Ganado vacuno |
| Subdivisión general | Alimentación |
| 9 (RLIN) | 45429 |
| 650 ## - PUNTO DE ACCESO ADICIONAL DE MATERIA--TÉRMINO DE MATERIA | |
| Término de materia o nombre geográfico como elemento de entrada | Ganado vacuno |
| Subdivisión general | Producción |
| 9 (RLIN) | 45506 |
| 650 ## - PUNTO DE ACCESO ADICIONAL DE MATERIA--TÉRMINO DE MATERIA | |
| Término de materia o nombre geográfico como elemento de entrada | Rumen |
| 9 (RLIN) | 100837 |
| 901 ## - ELEMENTOS DE DATOS A LOCAL LDA (RLIN) | |
| a | TESIS S 968 |
| 902 ## - ELEMENTOS DE DATOS B LOCAL, LDB (RLIN) | |
| a | M |
| 910 ## - DATOS DE OPCIÓN DEL USUARIO (OCLC) | |
| Datos de opción del usuario | 1995 |
| 942 ## - ELEMENTOS DE PUNTO DE ACCESO ADICIONAL (KOHA) | |
| Tipo de ítem Koha | Tesis_ |
| 942 ## - ELEMENTOS DE PUNTO DE ACCESO ADICIONAL (KOHA) | |
| Tipo de ítem Koha | Tesis_ |
| Estado de retiro | Estado de pérdida | Fuente del sistema de clasificación o colocación | Estado dañado | Restricciones de uso | No para préstamo | Código de colección | Localización permanente | Ubicación/localización actual | Fecha de adquisición | Fuente de adquisición | Total de préstamos | Signatura topográfica completa | Código de barras | Fecha visto por última vez | Número de copia | Precio válido a partir de | Tipo de ítem Koha |
|---|---|---|---|---|---|---|---|---|---|---|---|---|---|---|---|---|---|
| Clasificación Universidad Autónoma de Chapingo | Préstamo interno | Tesis | Zootecnia | Zootecnia | 09/11/2005 | El autor | Tesis S83 968 1995 | 5101001428 | 18/01/2022 | Ej.1 | 18/01/2022 | Tesis | |||||
| Clasificación Universidad Autónoma de Chapingo | Préstamo 5 días | Tesis | Zootecnia | Zootecnia | 27/06/2007 | El autor | Tesis S83 968 1995 | 5101001429 | 18/01/2022 | Ej.2 | 18/01/2022 | Tesis |
